000 00805nab a2200241 u 4500
001 11077
003 HDC
007 cr bn ---aaaaa
008 210206c mydr|nes 0 a eng d
040 _aHDC
245 0 _aNew economic measures will help local industries, says Mustapa Mohamed
260 _a[no place] :
_b[publisher not identified],
_c[no year]
336 _atext
_2rdacontent
337 _acomputer
_2rdamedia
338 _aonline resource
_2rdacarrier
650 _aEconomics
_9730
650 _aLocal industry
_911300
710 _aThe Star Online
856 _zRequest full-text at [email protected]
942 _2lcc
942 _cNEWS
942 _kNWSO 000304
999 _c8400
_d8400